[Event "Muensterland Verbandsklasse-A 0708"]
[White "Tillmann, Frank Peter"]
[Black "Thesing, Gregor"]
[Site "Germany"]
[Round "5.8"]
[Result "1/2-1/2"]
[Date "2008.01.26"]
[WhiteElo "1883"]
[BlackElo "1671"]
[PlyCount "39"]
[EventDate "2007.09.22"]
[EventType "team-tourn"]
[EventRounds "9"]
[EventCountry "GER"]
[SourceTitle "EXT 2009"]
[Source "ChessBase"]
[SourceDate "2008.11.26"]
[SourceVersion "1"]
[SourceVersionDate "2008.11.26"]
[SourceQuality "1"]
[WhiteTeam "Emsdetten Rochade"]
[BlackTeam "Heiden II"]
[WhiteTeamCountry "GER"]
[BlackTeamCountry "GER"]

1. e4 e5 2. Nf3 Nf6 3. Nc3 Nc6 4. d4 exd4 5. Nd5 Nxd5 6. exd5 Bb4+ 7. Bd2 Qe7+ 8. Be2 Ne5 9. Nxd4 0-0 10. 0-0 Bxd2 11. Qxd2 d6 12. f4 Ng6 13. Rae1 Qf6 14. c3 a6 15. Bd1 Bd7 16. g3 Rfe8 17. Kg2 Re7 18. Rxe7 Nxe7 19. Bf3 Nf5 20. Nxf5 1/2-1/2

[Event "Steinfurt Bezirksliga 0607"]
[White "Tillmann, Frank Peter"]
[Black "Noering, Andreas"]
[Site "Germany"]
[Round "3.4"]
[Result "1/2-1/2"]
[Date "2006.11.04"]
[WhiteElo "1889"]
[BlackElo "1801"]
[PlyCount "66"]
[EventDate "2006.09.09"]
[EventType "team-tourn"]
[EventRounds "9"]
[EventCountry "GER"]
[SourceTitle "EXT 2008"]
[Source "ChessBase"]
[SourceDate "2007.11.25"]
[SourceVersion "1"]
[SourceVersionDate "2007.11.25"]
[SourceQuality "1"]
[WhiteTeam "Emsdetten Rochade II"]
[BlackTeam "Emsdetten Rochade"]
[WhiteTeamCountry "GER"]
[BlackTeamCountry "GER"]

1. e4 c5 2. Nc3 d6 3. g3 Nf6 4. Bg2 g6 5. d3 Bg7 6. Bd2 Nc6 7. Nge2 a6 8. Qc1 h5 9. Bg5 Qc7 10. 0-0 0-0 11. Nf4 Nd4 12. Nfd5 Qd8 13. Qd2 e6 14. Nxf6+ Bxf6 15. Bxf6 Qxf6 16. f4 Qg7 17. Rae1 Bd7 18. Nd1 Rab8 19. c3 Nc6 20. Ne3 Ne7 21. Bh3 f5 22. Nc4 Nc8 23. e5 d5 24. Na3 b5 25. Nc2 Qe7 26. Bg2 Nb6 27. b3 Rfc8 28. Rd1 Kf7 29. Bf3 Rh8 30. Kg2 Qd8 31. Rh1 Qc7 32. h3 Rbg8 33. Kf2 Bc8 1/2-1/2